<?xml version="1.0" encoding="UTF-8"?>
<collection xmlns="http://www.loc.gov/MARC21/slim">
 <record>
  <leader>00656pamaa2200181   4500</leader>
  <controlfield tag="001">0000017311</controlfield>
  <controlfield tag="005">20060601090000.0</controlfield>
  <datafield tag="020" ind1="0" ind2="0">
   <subfield code="a">0300033230 </subfield>
  </datafield>
  <datafield tag="082" ind1=" " ind2=" ">
   <subfield code="a">355.0335 BRA</subfield>
  </datafield>
  <datafield tag="090" ind1="0" ind2="0">
   <subfield code="a">UA11 </subfield>
   <subfield code="b">BRA 1985</subfield>
  </datafield>
  <datafield tag="100" ind1="1" ind2="0">
   <subfield code="a">BRAMS </subfield>
  </datafield>
  <datafield tag="245" ind1="1" ind2="0">
   <subfield code="a">Superpower games : </subfield>
   <subfield code="b">applying game theory to superpower conflict  </subfield>
   <subfield code="c">Steven J. Brams.</subfield>
  </datafield>
  <datafield tag="260" ind1="0" ind2="0">
   <subfield code="a">New Haven: </subfield>
   <subfield code="b">Yale University Press, </subfield>
   <subfield code="c">1985.</subfield>
  </datafield>
  <datafield tag="300" ind1=" " ind2=" ">
   <subfield code="a">xv, 176p.: </subfield>
   <subfield code="b">22cm.</subfield>
  </datafield>
  <datafield tag="650" ind1="0" ind2="0">
   <subfield code="a">Military policy -- </subfield>
   <subfield code="x">Mathematical models </subfield>
  </datafield>
  <datafield tag="650" ind1="0" ind2="0">
   <subfield code="a">International relations -- </subfield>
   <subfield code="x">Mathematical models </subfield>
  </datafield>
  <datafield tag="651" ind1="0" ind2="0">
   <subfield code="a">United States -- </subfield>
   <subfield code="x">Military relations -- </subfield>
   <subfield code="z">Soviet Union </subfield>
  </datafield>
  <datafield tag="651" ind1="0" ind2="0">
   <subfield code="a">Soviet Union -- </subfield>
   <subfield code="x">Military relations -- </subfield>
   <subfield code="z">United States </subfield>
  </datafield>
 </record>
</collection>
